| 000 | 00986cam a22002531 4500 | ||
|---|---|---|---|
| 001 | sa 64005678 | ||
| 003 | DLC | ||
| 005 | 20260227112034.0 | ||
| 008 | 800205s1958 io ab b 000 0aeng | ||
| 010 | _asa 64005678 | ||
| 040 |
_aDLC _cDLC _dDLC |
||
| 041 | 0 | _aengind | |
| 043 | _aa-io--- | ||
| 050 | 0 | 0 |
_aG58 _b.I45 no. 8 _aDS646.49.M56 |
| 100 | 1 |
_aBhatta, Jitendra Nath, _d1931- |
|
| 245 | 1 | 0 |
_aTindjauan tentang tempat kediaman orang jang beragama Islam di Minahasa [oleh] J. N. Bhatta. _bObservations on the Muslim settlements of Minahasa. |
| 260 |
_aDjakarta, _bKementerian Pertahanan, Direktorat Topografi Angkatan Darat, Balai Geografi, _c1958. |
||
| 300 |
_a23 p. _billus., 4 fold. maps. _c29 cm. |
||
| 410 | 2 | 0 |
_aBalai Geografi. _tPublikasi _vno. 8 |
| 504 | _aBibliography: p. 23. | ||
| 650 | 0 |
_aMuslims _zIndonesia _zMinahasa Peninsula. |
|
| 651 | 0 |
_aMinahasa Peninsula (Indonesia) _xSocial life and customs. |
|
| 740 | 0 | _aObservations on the Muslim settlements of Minahasa. | |
| 999 |
_c59261 _d59261 |
||